| 000 | 00706nam a2200205Ia 4500 | ||
|---|---|---|---|
| 003 | IN-BaIIA | ||
| 008 | 211028s9999 xx 000 0 eng d | ||
| 040 | _cIIA Library | ||
| 080 |
_a530.145 _bBYR-II |
||
| 100 |
_aByron, Frederick W. _96277 |
||
| 245 | 0 |
_aMathematics of classical and quantum physics _bvol. II _cFrederick W. Byron and Robert W. Fuller |
|
| 260 |
_aReading _bAddison-Wesley _c1970 |
||
| 300 | _axi, 659p. | ||
| 490 | _aAddison-Wesley series in advanced physics | ||
| 650 | _aAstronomy and astrophysics thesaurus | ||
| 650 |
_aMathematical physics _91525 |
||
| 650 |
_aQuantum physics _92816 |
||
| 700 |
_aFuller, Robert W. _96278 |
||
| 942 | _cBK | ||
| 999 |
_c3548 _d3548 |
||